| 000 | 00787nam a22002055i 4500 | ||
|---|---|---|---|
| 001 | 178392 | ||
| 003 | ES-MaACL | ||
| 005 | 20240514175550.0 | ||
| 008 | 110526s1968 sp |||| | spa d | ||
| 080 | _a910.4(7/8)"14" | ||
| 245 | 0 | 3 | _aEl descubrimiento de América. |
| 260 |
_aMadrid : _bDelblan, _cD. L. 1968. |
||
| 300 |
_a16 p. ; _c16 cm. |
||
| 490 | 1 |
_aMosaico cultural : colección de temas instructivos. 9. Anécdotas de la historia de España ; _v1 |
|
| 500 | _aEncuadernado con otros títulos. | ||
| 651 | 4 |
_aAmérica- _xDescubrimientos y exploraciones- _xEspañoles. _9138324 |
|
| 830 | 0 |
_aMosaico cultural: colección de temas instructivos. Anécdotas de la historia de España _v1 _9190950 |
|
| 852 |
_aES-MaACL _jE-15196 (1) _xOlim P-1923 |
||
| 999 |
_c178392 _d178392 |
||